Disease markers in exhaled breath/ (Record no. 121020)

MARC details
000 -LEADER
fixed length control field 01167nam a2200349 a 4500
008 - FIXED-LENGTH DATA ELEMENTS--GENERAL INFORMATION
fixed length control field
020 ## - INTERNATIONAL STANDARD BOOK NUMBER
International Standard Book Number 9780824708177 (hardback)
040 ## - CATALOGING SOURCE
Original cataloging agency NUST
Transcribing agency NUST
049 ## - LOCAL HOLDINGS (OCLC)
Holding library MAIN
090 ## - LOCALLY ASSIGNED LC-TYPE CALL NUMBER (OCLC); LOCAL CALL NUMBER (RLIN)
Classification number (OCLC) (R) ; Classification number, CALL (RLIN) (NR) RC733
Local cutter number (OCLC) ; Book number/undivided call number, CALL (RLIN) DIS
003 - CONTROL NUMBER IDENTIFIER
control field
005 - DATE AND TIME OF LATEST TRANSACTION
control field 20230120204320.0
245 10 - TITLE STATEMENT
Title Disease markers in exhaled breath/
Statement of responsibility, etc. edited by Nandor Marczin ; Sergei A. Kharitonov ; Magdi H. Yacoub & Peter J. Barnes.
260 ## - PUBLICATION, DISTRIBUTION, ETC.
Place of publication, distribution, etc. New York :
Name of publisher, distributor, etc. Marcel Dekker,
Date of publication, distribution, etc. 2003.
300 ## - PHYSICAL DESCRIPTION
Extent xxiii, 534 pages :
Other physical details illustrations ;
Dimensions 24 cm.
336 ## - CONTENT TYPE
Content type term text
Content type code txt
Source rdacontent
337 ## - MEDIA TYPE
Media type term unmediated
Media type code n
Source rdamedia
338 ## - CARRIER TYPE
Carrier type term volume
Carrier type code nc
Source rdacarrier
500 ## - GENERAL NOTE
General note Includes index.
504 ## - BIBLIOGRAPHY, ETC. NOTE
Bibliography, etc. note Includes bibliographical references.
650 #1 - SUBJECT ADDED ENTRY--TOPICAL TERM
Topical term or geographic name entry element Lungs
General subdivision Diseases
Form subdivision Diagnosis.
650 ## - SUBJECT ADDED ENTRY--TOPICAL TERM
Topical term or geographic name entry element Biochemical markers.
650 ## - SUBJECT ADDED ENTRY--TOPICAL TERM
Topical term or geographic name entry element Breath tests.
650 ## - SUBJECT ADDED ENTRY--TOPICAL TERM
Topical term or geographic name entry element Nitric oxide
General subdivision Pathophysiology.
650 ## - SUBJECT ADDED ENTRY--TOPICAL TERM
Topical term or geographic name entry element Respiration.
700 ## - ADDED ENTRY--PERSONAL NAME
Personal name Marczin, Nandor.,
-- editor.
700 ## - ADDED ENTRY--PERSONAL NAME
Personal name Kharitonov, Sergei A.,
-- editor.
700 ## - ADDED ENTRY--PERSONAL NAME
Personal name Yacoub, Magdi H.,
-- editor.
700 ## - ADDED ENTRY--PERSONAL NAME
Personal name Barnes, Peter J.,
-- editor.
907 ## - LOCAL DATA ELEMENT G, LDG (RLIN)
a .b10409920
b 30-09-21
c 22-09-21
942 ## - ADDED ENTRY ELEMENTS (KOHA)
Koha item type Ordinary Loan Books
Call number prefix RC733
Call number suffix DIS
Holdings
Date last seen Total Checkouts Full call number Barcode Cost, replacement price Price effective from Koha item type Lost status Source of classification or shelving scheme Damaged status Not for loan Collection Withdrawn status Home library Current library Shelving location Date acquired Cost, normal purchase price
01/20/2023   RC733 DIS 92004049508 80.00 01/20/2023 BOOKS   LCC     NFIC   Medical Medical GEN 01/20/2023 80.00